Open Government Data in Mexico <The> Way Forward
Enregistré dans:
| Format: | Livre |
|---|---|
| Langue: | anglais |
| Publié: |
Paris
OECD
2018
|
| Collection: | OECD Digital Government Studies
|
| Sujets: | |
| Tags: |
Pas de tags, Soyez le premier à ajouter un tag!
|
MARC
| LEADER | 00000nam a2200000 4500 | ||
|---|---|---|---|
| 001 | 0250702 | ||
| 005 | 20221220065803.6 | ||
| 020 | |a 978-92-64-29793-7 | ||
| 041 | 0 | |a eng | |
| 044 | |a FR | ||
| 245 | 1 | 0 | |a Open Government Data in Mexico |b <The> Way Forward |
| 264 | 1 | |a Paris |b OECD |c 2018 | |
| 300 | |a 86 s. | ||
| 490 | 1 | |a OECD Digital Government Studies | |
| 830 | 0 | |a OECD Digital Government Studies | |
| 610 | 2 | 0 | |a politika verejná |
| 610 | 2 | 0 | |a vláda |
| 610 | 2 | 0 | |a sektor verejný |
| 610 | 2 | 0 | |a dáta |
| 610 | 2 | 0 | |a zručnosti |
| 610 | 2 | 0 | |a ekosystémy |
| 610 | 2 | 0 | |a dáta |
| 610 | 2 | 0 | |a porovnanie štatistické medzinárodné |
| 610 | 2 | 0 | |a Mexiko |